1267 1508 1470 1045 1289 1630 1666 1656 1882 1310 1202 1980 1142 1789 1042 1149 1242 1405 1908 1173 1706 1185 1641 1463 1423 1546 1779 1279 1849 1982 1228 1201 1788 1182 1056 1892 1158 1133 1920 1322 1370 1969 1393 1070 1315 1132 1182 1013 1941 1666 1552 1760 1635 1509 1490 1897 1700 1009 1112 1334 1131 1970 1801 1283 1180 1738 1506 1442 1390 1695 1783 1741 1456 1576 1829 1996 1376 1273 1949 1918 1505 1860 1152 1152 1252 1423 1438 1518 1913 1462 1004 1701 1422 1557 1530 1499 1129 1046 1661 BCNSPRNW ULIB Ver.6.0+V

เปลี่ยนเป็นภาษาไทย

Change to English
 แสดงรายละเอียดบรรณานุกรม
  กลับหน้าหลัก

Brief Record : Get Marc (ISO 2709) : E-mail record : QR code < ปิดหน้าต่าง
LEADER : 00000nam 2200000uu 4500
001    13399121117
003     ULIB
008    121106s2554||||th 000 0 tha d
020    ^a9789746520966
060 04 ^aWS100^bว171ต
245 00 ^aตำรากุมารเวชศาสตร์สำหรับเวชปฏิบัติ /^cบรรณาธิการ, วนิดาเปาอินทร์ ... [และคนอื่นๆ]
250    ^aพิมพ์ครั้งที่ 2
260    ^aกรุงเทพฯ :^bไอกรุ๊ป เพรส,^c2554
300    ^avii, 414 หน้า :^bภาพประกอบ. ;^c26 cm
650  7 ^aกุมารเวชศาสตร์
650  7 ^aเด็ก^xโรค
700 0  ^aวนิดา เปาอินทร์,^eบรรณาธิการ
945    ^p450^l0^i032941
995    ^a เกษร
999    ^aใช้งานได้ทุกระบบ
รายการนี้ยังไม่มีแท็ก
คุณยังไม่ได้ล็อกอิน คุณสามารถมีกิจกรรมร่วมกับเว็บไซต์ได้ แต่ต้องล็อกอินก่อน ::
  ล็อกอิน

รายการสื่อสารสนเทศ

ลำดับที่ ประเภท เลขเรียก/บาร์โค้ด สถานที่ สถานะ
1. วิทยาศาสตร์การแพทย์ และสุขภาพ
หนังสือสำรอง
สถานะ=หนังสือสำรอง
WS100 ว171ต ฉ.1 
  Barcode: 032941
ห้องสมุดวิทยาเขตสวรรค์ประชารักษ์
►ส่วนจัดเก็บหนังสือเก่า สปร
บนชั้น
  ขอยืม

รายการใกล้เคียง
    หัวเรื่อง [กุมารเวชศาสตร์]

BibComment


ยังไม่เคยถูกคอมเมนท์

คอมเมนท์ทรัพยากรรายการนี้
  คอมเมนท์: ตำรากุมารเวชศาสต..


 Copyright 2026. Bcnsprnw @Library